All countries that fought in WW2 - Statistics

General Stats
  • This quiz has been taken 55 times
  • The average score is 10 of 13
Answer Stats
Hint Answer % Correct
The country the Austrian Painter ruled Germany
98%
PIZZA! Italy
96%
Rules by Joseph Statin Soviet Union
94%
The Soviets and Germans occupied this country Poland
92%
Known for tacos Mexico
90%
This country raised the flag on Iwo Jima United States
90%
Considered an empire Japan
88%
Often known as “NZ” New Zealand
80%
Surrendered to Germany in less than 6 hours Denmark
76%
A country who went with the Americans for the D-Day attacks Canada
69%
Known for the fez hat Turkey
53%
You’re going to _____ (if I did something else then u would be confused) Brazil
35%
Modern day India British Raj
35%
No matching quizzes found
Score Distribution
Percent of People with Each Score
Percentile by Number Answered
Your Score History
You have not taken this quiz